000 00465pab a2200157 454500
008 180718b2003 xxu||||| |||| 00| 0 eng d
100 _aMathiyazhagan, Maathai K.
245 _aRural household characteristics and health expenditure in India: an analysis
260 _c2003
300 _ap.69-89.
362 _aJan-Jun
650 _aHealth services - India
650 _aHealth services
773 _aJournal of Social and Economic Development
909 _a59042
999 _c59042
_d59042